000 00964nam a2200277Ia 4500
003 OSt
005 20220923211602.0
006 a|||||r|||| 00| 0
007 ta
008 220922b |||||||| |||| 00| 0 san d
020 _a9789387195684 (hbk)
_c595
024 _a354,204
037 _b159, 22/12/2021, Mallika Books
_cTextual
040 _aARTS
_cARTS
_bsan
041 _2san
_asan
082 _aO15:gxE50,1, 152Q6
100 _aकुन्त कवि, ले.
245 0 _aवक्रोक्तिजीवितम्
246 _aVakroktijīvitam
260 _aदिल्ली
_b शिवालिक प्रकाशन
_c2019
300 _a143पृ0
_ccm.
490 _vद्वितीय उन्मेष
650 _aसंस्कृत साहित्य
942 _hO15:gxE50,1, 152Q6
_cTEXL
_2CC
999 _c301059
_d301059